Word Ladder: #1 Songs (Mostly) Quiz Stats

 Plays Quiz Updated Nov 2, 2017

Score 0/20 Timer 02:00
0 Plays Today
Song Title Missing Word % Correct
I ____ Always Love YouWILL
99.2%
Wrecking ____BALL
98%
Another Brick in the ____, Part IIWALL
95.8%
Stronger (What Doesn't ____ You)KILL
95.7%
____ Like An EgyptianWALK
95.1%
Show And ____TELL
94.3%
Wishing ____WELL
92.8%
How Do You ____ To An AngelTALK
92.7%
Fooled Around And ____ In LoveFELL
91.8%
Wedding ____ BluesBELL
91%
Song Title Missing Word % Correct
Long ____ Glasses (I Can Dance)TALL
87.1%
____ ItBEAT
83.1%
I ____ The Earth MoveFEEL
82%
The Night The Lights ____ Out In GeorgiaWENT
79.6%
Let's ____ It For The BoyHEAR
79.6%
____ End GirlsWEST
75.4%
Hi-____ SneakersHEEL
73.9%
____ The WorldHEAL
73.8%
____ Of My LoveBEST
71.4%
Running ____BEAR
68.7%

Today's Daily Dose

You're not logged in!

Compare scores with friends on all Sporcle quizzes.
OR
Log In

You Might Also Like...

Show Comments

Extras

Top Quizzes Today


Score Distribution

Your Account Isn't Verified!

In order to create a playlist on Sporcle, you need to verify the email address you used during registration. Go to your Sporcle Settings to finish the process.

Report this User

Report this user for behavior that violates our Community Guidelines.

Details: